Movies Quiz

Random Movies Quiz

Taylor Lautner Quiz Stats

 Plays Quiz not verified by Sporcle

Challenge
Share
Tweet
Embed
Score 0/20 Timer 10:00
0 Plays Today
Question Answer % Correct
Full name (including middle name)Taylor Daniel Lautner
92.8%
Name at least one girlfriend he has had.Taylor Swift
77.2%
Little sister's first nameMakena
49.1%
What is his belt in karate?Black
45.5%
How old was he when he started acting?13
42.5%
FearSpiders
41.3%
His dog's nameRoxy
35.3%
Favourite colourBaby blue
34.7%
How many pounds of muscle did he have to gain for New Moon?30
33.5%
Star SignAquarius
31.7%
Question Answer % Correct
Parent's first namesDeborah and Daniel
28.7%
Birth Date11th February 1992
17.4%
Favourite type of foodChinese
15%
Which sports team does he sport?Michigan Wolverines
13.2%
Favourite flavour of ice creamCake batter
12.6%
What are his two favourite sports?Football and baseball
12.6%
Dream carFerrari Enzo
9%
What is his bad habit?Bouncing his knee
9%
What is his favourite TV channel?ESPN
8.4%
What was his first large purchase?Mac Powerbook
4.2%

You're not logged in!

Compare scores with friends on all Sporcle quizzes.
OR
Log In

You Might Also Like...

Show Comments

Extras

Created Apr 10, 2012ReportNominate

Top Quizzes Today


Score Distribution

Your Account Isn't Verified!

In order to create a playlist on Sporcle, you need to verify the email address you used during registration. Go to your Sporcle Settings to finish the process.

Report this User

Report this user for behavior that violates our Community Guidelines.

Details: